000 00439nam a2200145Ia 4500
008 240126s9999 xx 000 0 und d
041 _aEnglish
082 _aPRMBA20-3002
100 _aPavan K.
245 0 _aImpact of dividend policy on shareholder wealth with reference to consumer cyclical sector
_bRamesh Rajagopalan CMA.
260 _bPES University
_aBangalore
440 _aNULL
650 _aFinancial Management
942 _cPR
999 _c291066
_d291066